Critical discourse analysis: the critical study of language

Kaydedildi:
Detaylı Bibliyografya
Yazar: Fairclough, Norman (Yazar)
Materyal Türü: Kitap
Dil:İngilizce
Baskı/Yayın Bilgisi: Londres Longman 1995
Seri Bilgileri:Language in Social Life Series
Konular:
Etiketler: Etiketle
Etiket eklenmemiş, İlk siz ekleyin!

MARC

LEADER 00000nam a2200000 a 4500
001 UCT7480
003 CL-VaPUC
008 970123e19950000UK |||||||||||||||||eng|d
020 |a 0582219841 
082 0 4 |a 306.44  |b FAI  |2 21 
100 0 |a Fairclough, Norman  |e author  |9 378478 
245 1 0 |a Critical discourse analysis: the critical study of language 
300 |a 265 p 
942 |c BK 
945 |d 19970123 00:00:00  |a rbrito 
260 |a Londres  |b Longman  |c 1995 
650 0 |a Análisis lingüístico  |9 314711 
650 0 |a Sociolingüística  |9 263716 
650 0 |a Análisis contextual   |9 378479 
583 |a last modification  |c 19970123 00:00:00  |k Rodrigo Vera 
490 0 |a Language in Social Life Series 
999 |c 256098  |d 256096 
952 |0 0  |1 0  |4 0  |6 306_440000000000000_FAI_1995  |7 0  |8 A  |9 278644  |a BIBEDU  |b BIBEDU  |d 2019-11-19  |i 3284069  |o 306.44 FAI 1995  |p 3284069  |r 2019-11-19  |w 2019-11-19  |y BK  |k LIT 
952 |0 0  |1 0  |4 0  |6 306_440000000000000_FAI_1995  |7 0  |8 A  |9 278645  |a FDOPOS  |b FDOPOS  |d 2019-11-19  |i 3687740  |o 306.44 FAI 1995  |p 3687740  |r 2025-01-22  |w 2019-11-19  |y BK  |k MLA 
952 |0 0  |1 0  |4 0  |6 306_440000000000000_FAI_1995  |7 0  |8 A  |9 278646  |a FDOPOS  |b FDOPOS  |d 2019-11-19  |i 3719863  |o 306.44 FAI 1995  |p 3719863  |r 2025-01-22  |w 2019-11-19  |y BK  |k MLA 
952 |0 0  |1 0  |4 0  |6 306_440000000000000_FAI_1995  |7 0  |8 A  |9 278647  |a BIBEDU  |b BIBEDU  |d 2019-11-19  |i 4051173  |o 306.44 FAI 1995  |p 4051173  |r 2019-11-19  |w 2019-11-19  |y BK  |k LIT 
952 |0 0  |1 0  |4 0  |6 306_440000000000000_FAI_1995  |7 0  |8 A  |9 278648  |a FDOPOS  |b FDOPOS  |d 2019-11-19  |i 4137477  |o 306.44 FAI 1995  |p 4137477  |r 2025-01-22  |w 2019-11-19  |y BK  |k MLA 
952 |0 0  |1 0  |4 0  |6 306_440000000000000_FAI_1995  |7 0  |8 A  |9 278649  |a BIBCUR  |b BIBCUR  |d 2019-11-19  |i 4361431  |o 306.44 FAI 1995  |p 4361431  |r 2025-04-22  |w 2019-11-19  |y BK  |k PER 
952 |0 0  |1 0  |4 0  |6 306_440000000000000_FAI_1995  |7 0  |8 A  |9 278650  |a FDOPOS  |b FDOPOS  |d 2019-11-19  |i 4456122  |o 306.44 FAI 1995  |p 4456122  |r 2025-01-22  |w 2019-11-19  |y BK  |k MLA 
952 |0 0  |1 0  |4 0  |6 306_440000000000000_FAI_1995  |7 0  |8 A  |9 278651  |a FDOPOS  |b FDOPOS  |d 2019-11-19  |i 4456130  |o 306.44 FAI 1995  |p 4456130  |r 2025-01-22  |w 2019-11-19  |y BK  |k MLA